<The> Single European Market - A Schumpeterian Event

Salvato in:
Dettagli Bibliografici
Autore principale: Siebert, Horst
Natura: Libro
Lingua:inglese
Pubblicazione: Kiel Institut für Weltwirtschaft 1989
Edizione:1. ed.
Tags: Aggiungi Tag
Nessun Tag, puoi essere il primo ad aggiungerne!!

MARC

LEADER 00000nam a2200000 4500
001 c033320
005 20250515100453.1
041 0 |a eng 
044 |a DE 
245 1 0 |a <The> Single European Market - A Schumpeterian Event  |c Horst Siebert 
250 |a 1. ed. 
264 1 |a Kiel  |b Institut für Weltwirtschaft  |c 1989 
300 |a 24 s. 
100 1 |a Siebert, Horst